[Event "Oberliga NRW 1112"]
[Site "Germany"]
[Date "2012.03.25"]
[Round "8.2"]
[White "Kuijf, Marinus"]
[Black "Kistella, Roman"]
[Result "1-0"]
[WhiteElo "2394"]
[BlackElo "2253"]
[PlyCount "91"]
[EventDate "2011.09.18"]
[EventType "team-tourn"]
[EventRounds "9"]
[EventCountry "GER"]
[SourceTitle "EXT 2015"]
[Source "ChessBase"]
[SourceDate "2014.11.20"]
[SourceVersion "1"]
[SourceVersionDate "2014.11.20"]
[SourceQuality "1"]
[WhiteTeam "Muenster SK"]
[BlackTeam "Duisburg PSV"]
[WhiteTeamCountry "GER"]
[BlackTeamCountry "GER"]

1. e4 c5 2. c3 d5 3. exd5 Qxd5 4. d4 g6 5. dxc5 Qxd1+ 6. Kxd1 Bg7 7. Be3 Nf6 8. Nd2 Ng4 9. Ngf3 0-0 10. Kc2 Nxe3+ 11. fxe3 Bh6 12. Re1 Rd8 13. Bc4 Nd7 14. Ne4 Kg7 15. b4 Nf6 16. Nxf6 exf6 17. Nd4 Bd7 18. Rhf1 Re8 19. e4 Re7 20. Bb5 a5 21. Bxd7 Rxd7 22. b5 Rc8 23. c6 bxc6 24. bxc6 Re7 25. a4 Kf8 26. Kd3 Bg7 27. Rb1 f5 28. exf5 Bxd4 29. cxd4 Rxc6 30. Rb5 Rec7 31. Rxa5 Rc3+ 32. Ke4 Re7+ 33. Re5 Rxe5+ 34. Kxe5 Ra3 35. Rb1 Rxa4 36. Rb8+ Kg7 37. f6+ Kh6 38. Rb7 Ra2 39. Rxf7 Rxg2 40. d5 Re2+ 41. Kd4 Rxh2 42. d6 Rd2+ 43. Ke5 Kg5 44. d7 h5 45. Ke6 h4 46. Rf8 1-0

[Event "Oberliga NRW 1112"]
[Site "Germany"]
[Date "2011.11.13"]
[Round "3.2"]
[White "Kistella, Roman"]
[Black "Tereick, Benjamin"]
[Result "1/2-1/2"]
[WhiteElo "2253"]
[BlackElo "2359"]
[PlyCount "36"]
[EventDate "2011.09.18"]
[EventType "team-tourn"]
[EventRounds "9"]
[EventCountry "GER"]
[SourceTitle "EXT 2015"]
[Source "ChessBase"]
[SourceDate "2014.11.20"]
[SourceVersion "1"]
[SourceVersionDate "2014.11.20"]
[SourceQuality "1"]
[WhiteTeam "Duisburg PSV"]
[BlackTeam "Wattenscheid II"]
[WhiteTeamCountry "GER"]
[BlackTeamCountry "GER"]

1. c4 e6 2. Nf3 Nf6 3. g3 d5 4. b3 Be7 5. Bb2 0-0 6. Bg2 c5 7. 0-0 b6 8. e3 Bb7 9. Nc3 Nbd7 10. Rc1 Rc8 11. Qe2 Qc7 12. cxd5 Nxd5 13. Nxd5 Bxd5 14. e4 Bb7 15. Rfd1 Qb8 16. d4 cxd4 17. Nxd4 Rxc1 18. Bxc1 Rd8 1/2-1/2

[Event "Oberliga NRW 1011"]
[Site "Germany"]
[Date "2011.01.09"]
[Round "5.3"]
[White "Kistella, Roman"]
[Black "Tereick, Benjamin"]
[Result "0-1"]
[WhiteElo "2361"]
[BlackElo "2370"]
[PlyCount "98"]
[EventDate "2010.09.26"]
[EventType "team-tourn"]
[EventRounds "9"]
[EventCountry "GER"]
[SourceTitle "EXT 2012"]
[Source "ChessBase"]
[SourceDate "2011.11.24"]
[SourceVersion "1"]
[SourceVersionDate "2011.11.24"]
[SourceQuality "1"]
[WhiteTeam "Duisburg"]
[BlackTeam "Wattenscheid II"]
[WhiteTeamCountry "GER"]
[BlackTeamCountry "GER"]

1. d4 d5 2. c4 dxc4 3. Nf3 Nf6 4. e3 e6 5. Bxc4 a6 6. a4 b6 7. 0-0 Bb7 8. Nc3 Bb4 9. Qe2 Nbd7 10. Rd1 Qe7 11. d5 exd5 12. Nxd5 Nxd5 13. Bxd5 Bxd5 14. Rxd5 0-0 15. Bd2 Bxd2 16. Qxd2 Nf6 17. Re5 Qd7 18. Qc2 Rfd8 19. h3 a5 20. Rc1 c5 21. Qc4 Qd3 22. Qf4 Qe2 23. Qf5 Rd1+ 24. Rxd1 Qxd1+ 25. Kh2 Qxa4 26. Re7 Re8 27. Rc7 Qb3 28. Ng5 Qd5 29. Qxd5 Nxd5 30. Rd7 f6 31. Rxd5 fxg5 32. Rxg5 Rd8 33. Kg3 Rd2 34. f4 Rxb2 35. Rd5 a4 36. e4 a3 37. Rd8+ Kf7 38. Ra8 a2 39. Kf3 b5 40. f5 Kf6 41. Kf4 g5+ 42. fxg6 Kxg6 43. Ra6+ Kf7 44. g4 b4 45. Ke5 Rd2 46. Ra7+ Ke8 47. Ke6 Kd8 48. g5 b3 49. h4 Rd1 0-1

[Event "Oberliga NRW 0809"]
[Site "Germany"]
[Date "2009.04.26"]
[Round "9.2"]
[White "Kistella, Roman"]
[Black "Peelen, Piet"]
[Result "0-1"]
[WhiteElo "2371"]
[BlackElo "2340"]
[PlyCount "73"]
[EventDate "2008.09.21"]
[EventType "team-tourn"]
[EventRounds "9"]
[EventCountry "GER"]
[SourceTitle "EXT 2010"]
[Source "ChessBase"]
[SourceDate "2010.11.25"]
[SourceVersion "1"]
[SourceVersionDate "2010.11.25"]
[SourceQuality "1"]
[WhiteTeam "Duisburg"]
[BlackTeam "Bochum"]
[WhiteTeamCountry "GER"]
[BlackTeamCountry "GER"]

1. d4 Nf6 2. c4 e6 3. Nc3 Bb4 4. e3 c5 5. Bd3 cxd4 6. exd4 d5 7. Nf3 dxc4 8. Bxc4 0-0 9. 0-0 a6 10. Bb3 b5 11. Bg5 Bb7 12. Rc1 Nbd7 13. d5 Bxc3 14. Rxc3 exd5 15. Nd4 h6 16. Bf4 Ne4 17. Rc7 Nec5 18. Nf5 Qf6 19. Qg4 Kh8 20. Be3 Rfc8 21. Rxb7 Nxb7 22. Bxd5 Ne5 23. Qe4 Rab8 24. Bxb7 Re8 25. Bd4 Rxb7 26. Qxb7 Qxf5 27. Qxa6 Ng6 28. g3 Kh7 29. Bc3 Nf4 30. Qc6 Re6 31. Qb7 Ne2+ 32. Kg2 Nxc3 33. bxc3 Re2 34. Qf3 Qxf3+ 35. Kxf3 Rxa2 36. Rb1 Ra3 37. Rxb5 0-1

[Event "Oberliga NRW 0809"]
[Site "Germany"]
[Date "2009.01.04"]
[Round "5.2"]
[White "Straeter, Timo"]
[Black "Kistella, Roman"]
[Result "1-0"]
[WhiteElo "2303"]
[BlackElo "2371"]
[PlyCount "73"]
[EventDate "2008.09.21"]
[EventType "team-tourn"]
[EventRounds "9"]
[EventCountry "GER"]
[SourceTitle "EXT 2010"]
[Source "ChessBase"]
[SourceDate "2010.11.25"]
[SourceVersion "1"]
[SourceVersionDate "2010.11.25"]
[SourceQuality "1"]
[WhiteTeam "Wattenscheid II"]
[BlackTeam "Duisburg"]
[WhiteTeamCountry "GER"]
[BlackTeamCountry "GER"]

1. d4 Nf6 2. Nf3 e6 3. e3 b6 4. Bd3 Bb7 5. 0-0 Be7 6. c4 0-0 7. Nc3 d5 8. b3 c5 9. Bb2 cxd4 10. exd4 Nc6 11. Qe2 Nb4 12. Bb1 Rc8 13. Rd1 Re8 14. Ne5 Qd6 15. Nb5 Qb8 16. a3 Nc6 17. Rd3 a6 18. Nc3 Red8 19. cxd5 Nxe5 20. dxe5 Nxd5 21. Nxd5 Rxd5 22. Rxd5 Bxd5 23. Qxa6 b5 24. Bd3 Rc6 25. Qa5 Bxb3 26. Qxb5 Rb6 27. Qd7 Bg5 28. h4 Bh6 29. Bc1 Bd5 30. Bxh6 gxh6 31. Rc1 Rb7 32. Rc8+ Kg7 33. Qd8 Rb1+ 34. Bxb1 Qxb1+ 35. Kh2 Kg6 36. Qf6+ Kh5 37. Rg8 1-0

[Event "Oberliga NRW 0809"]
[Site "Germany"]
[Date "2008.10.12"]
[Round "2.2"]
[White "Kistella, Roman"]
[Black "Rohde, Ulrich"]
[Result "1-0"]
[WhiteElo "2371"]
[BlackElo "2213"]
[PlyCount "57"]
[EventDate "2008.09.21"]
[EventType "team-tourn"]
[EventRounds "9"]
[EventCountry "GER"]
[SourceTitle "EXT 2010"]
[Source "ChessBase"]
[SourceDate "2010.11.25"]
[SourceVersion "1"]
[SourceVersionDate "2010.11.25"]
[SourceQuality "1"]
[WhiteTeam "Duisburg"]
[BlackTeam "Godesberg II"]
[WhiteTeamCountry "GER"]
[BlackTeamCountry "GER"]

1. d4 Nf6 2. c4 e6 3. Nc3 Bb4 4. e3 c5 5. Bd3 Nc6 6. a3 Bxc3+ 7. bxc3 d6 8. Ne2 e5 9. Ng3 Qa5 10. Bd2 Qc7 11. 0-0 0-0 12. d5 Ne7 13. f3 Ng6 14. a4 b6 15. Rf2 Bd7 16. e4 h6 17. Qc1 Rae8 18. Be3 Qd8 19. a5 Nh7 20. axb6 axb6 21. Rb2 Ne7 22. Bc2 Nc8 23. Ba4 Bxa4 24. Rxa4 Ng5 25. Ra8 f6 26. Nf5 Qc7 27. Rba2 Nf7 28. Qe1 Ne7 29. R2a7 1-0

[Event "BL2-West 0708"]
[Site "Germany"]
[Date "2008.04.06"]
[Round "8.2"]
[White "Kistella, Roman"]
[Black "Solodovnichenko, Yuri"]
[Result "1/2-1/2"]
[WhiteElo "2366"]
[BlackElo "2564"]
[PlyCount "78"]
[EventDate "2007.10.21"]
[EventType "team-tourn"]
[EventRounds "9"]
[EventCountry "GER"]
[SourceTitle "EXT 2009"]
[Source "ChessBase"]
[SourceDate "2008.11.26"]
[SourceVersion "1"]
[SourceVersionDate "2008.11.26"]
[SourceQuality "1"]
[WhiteTeam "Duisburg"]
[BlackTeam "Gerresheim"]
[WhiteTeamCountry "GER"]
[BlackTeamCountry "GER"]

1. d4 d5 2. c4 e6 3. Nf3 c6 4. e3 Nf6 5. Bd3 dxc4 6. Bxc4 Nbd7 7. 0-0 Bd6 8. Nc3 b5 9. Bd3 0-0 10. e4 e5 11. Bg5 exd4 12. Nxd4 Ne5 13. Be2 h6 14. Bh4 b4 15. Na4 g5 16. Bg3 Nxe4 17. Bxe5 Bxe5 18. Nxc6 Bxh2+ 19. Kxh2 Qc7+ 20. Kg1 Qxc6 21. Rc1 Qg6 22. Bh5 Qf5 23. Bf3 g4 24. Bxe4 Qxe4 25. Re1 Qf4 26. Nc5 Bf5 27. g3 Qg5 28. Ne4 Bxe4 29. Rxe4 h5 30. Rxb4 Rad8 31. Qc2 Rd2 32. Qc6 Rxf2 33. Kxf2 Qd2+ 34. Kf1 Qxb4 35. Rc5 Qd2 36. Qf6 Qd3+ 37. Kf2 Qd2+ 38. Kf1 Qd1+ 39. Kf2 Qd2+ 1/2-1/2

[Event "BL2-West 0708"]
[Site "Germany"]
[Date "2008.01.20"]
[Round "5.2"]
[White "Janssen, Ruud"]
[Black "Kistella, Roman"]
[Result "1-0"]
[WhiteElo "2513"]
[BlackElo "2366"]
[PlyCount "111"]
[EventDate "2007.10.21"]
[EventType "team-tourn"]
[EventRounds "9"]
[EventCountry "GER"]
[SourceTitle "EXT 2009"]
[Source "ChessBase"]
[SourceDate "2008.11.26"]
[SourceVersion "1"]
[SourceVersionDate "2008.11.26"]
[SourceQuality "1"]
[WhiteTeam "Emsdetten Turm"]
[BlackTeam "Duisburg"]
[WhiteTeamCountry "GER"]
[BlackTeamCountry "GER"]

1. d4 Nf6 2. c4 e6 3. Nc3 Bb4 4. e3 0-0 5. Nge2 d5 6. a3 Be7 7. cxd5 exd5 8. g3 c6 9. Bg2 a5 10. 0-0 Na6 11. Qc2 Re8 12. Bd2 Bf8 13. Rad1 Nc7 14. Bc1 Nd7 15. Nf4 Nb6 16. f3 Ne6 17. e4 Nxf4 18. Bxf4 Be6 19. Kh1 a4 20. e5 Nc4 21. Bc1 b5 22. f4 g6 23. h3 Bf5 24. Qe2 h5 25. Kh2 Qd7 26. Rf2 b4 27. axb4 Bxb4 28. Nxa4 Rxa4 29. b3 Nd6 30. bxa4 Ne4 31. Bxe4 dxe4 32. Qc4 Bf8 33. Rc2 Qa7 34. Qxc6 Rc8 35. Qxc8 Bxc8 36. Rxc8 Qa6 37. Rc2 Qxa4 38. Rdd2 e3 39. Re2 Qxd4 40. Bxe3 Qd3 41. h4 Bb4 42. Bf2 Bc3 43. Ra2 Qd5 44. Rec2 Kg7 45. Ra7 Qb3 46. Re2 Qc4 47. Rc2 Qb3 48. Raa2 g5 49. hxg5 Kg6 50. Re2 Kf5 51. e6 fxe6 52. Ra6 e5 53. Rf6+ Kg4 54. fxe5 Qb1 55. g6 h4 56. Re4+ 1-0

[Event "BL2-West 0708"]
[Site "Germany"]
[Date "2007.11.04"]
[Round "2.2"]
[White "Murdzia, Piotr"]
[Black "Kistella, Roman"]
[Result "1-0"]
[WhiteElo "2470"]
[BlackElo "2366"]
[PlyCount "75"]
[EventDate "2007.10.21"]
[EventType "team-tourn"]
[EventRounds "9"]
[EventCountry "GER"]
[SourceTitle "EXT 2009"]
[Source "ChessBase"]
[SourceDate "2008.11.26"]
[SourceVersion "1"]
[SourceVersionDate "2008.11.26"]
[SourceQuality "1"]
[WhiteTeam "Griesheim"]
[BlackTeam "Duisburg"]
[WhiteTeamCountry "GER"]
[BlackTeamCountry "GER"]

1. d4 d5 2. c4 e6 3. Nc3 Be7 4. Nf3 Nf6 5. Bg5 h6 6. Bh4 0-0 7. e3 b6 8. Bxf6 Bxf6 9. cxd5 exd5 10. Bd3 Bb7 11. 0-0 c6 12. Bc2 Na6 13. Qd3 g6 14. a3 Nc7 15. Rfe1 Qd7 16. Rad1 Rad8 17. Qd2 Rfe8 18. Qc1 Bg7 19. Ba4 Qd6 20. h3 Re7 21. e4 dxe4 22. Nxe4 Qd5 23. Nc3 Rxe1+ 24. Rxe1 Qd6 25. Ne4 Qd5 26. Qf4 Ne8 27. Nc3 Qd7 28. Ne5 Bxe5 29. Rxe5 Nc7 30. Bb3 Kg7 31. Ne4 f5 32. Nc3 Re8 33. Qe3 Rxe5 34. Qxe5+ Kh7 35. h4 h5 36. Qf6 Ne8 37. Qf8 Nd6 38. Bg8+ 1-0